Innovations as a Necessary Part of Company's Life

Vysvetlenie pojmov: inovácia a inovačný proces. Investície do inovácií v podnikoch. Inovačný proces a hospodársky rast. Spotrebiteľ ako dôležitý hráč v procese inovácií. Inovačná difúzia.

Salvato in:
Dettagli Bibliografici
Autore principale: Vidová, Jarmila, 1967-
Natura: Capitolo di libro
Lingua:inglese
Soggetti:
Tags: Aggiungi Tag
Nessun Tag, puoi essere il primo ad aggiungerne!!

MARC

LEADER 00000naa$a2200000$$$4500
001 0262423
005 20240502083753.6
041 0 |a eng 
044 |a DE 
245 1 0 |a Innovations as a Necessary Part of Company's Life 
520 |a Vysvetlenie pojmov: inovácia a inovačný proces. Investície do inovácií v podnikoch. Inovačný proces a hospodársky rast. Spotrebiteľ ako dôležitý hráč v procese inovácií. Inovačná difúzia. 
610 2 0 |a inovácie technologické 
610 2 0 |a inovácia 
610 2 0 |a pojmy 
610 2 0 |a rast hospodársky 
610 2 0 |a podnik 
610 2 0 |a revolúcia priemyselná 
100 1 |a Vidová, Jarmila, 1967-